000 00229 a2200097 4500
020 _a9781439854549
100 _aMasud, Mehedy.
245 _aData mining tools for malware detection
260 _bCRC Press
_cc2012.
942 _2ddc
_c2WEEK
999 _c414
_d414